000 00469nam a22001937a 4500
005 20230524140853.0
008 230524b |||||||| |||| 00| 0 eng d
020 _a9789382291176
082 _a629.1323
_bHOU-A
100 _aHoughton.E.L
245 _aAerodynamics for Engineering Students
250 _a6th ed.
260 _aU.K
_bElsevier
_c2013
300 _a724
500 _aIncludes Index
650 _aEngineering
700 _aE.L.Houghton
999 _c18473
_d18473